000 00187 a2200097 4500
020 _a9780807594834
041 _aeng
100 _aJules, Jacqueline
245 _aZapato Power
942 _cBK
999 _c14206
_d14206